000 00890nam a2200241 c 4500
003 BLK
005 20190913121316.0
008 180911b bul|||||r ||||||| ||bul||
010 _a004388
040 _aBLK
041 _aFRE
080 _z943.7
100 1 _a
_eпърви автор
245 1 0 _aLes MINORITES dans la Republique Tchecoslovaque
246 _aNotes concernant le memoire presente a la Ligue des Nations par les deputes et senateurs Allemands de Tchecoslovaque
_bMINORITES dans la Republique Tchecoslovaque
260 _as.l.
_bBureau d'inf. polit. et econom. du ministre des affaires etrangeres
_c1921
300 _a72 с
_c24 см
380 _a9
490 _aЧастна колекция - Академик Михаил Арнаудов
_gДарение - Основен фонд
655 _aИстория
852 _aМА 1295
942 _cKNG
_n0
944 _aCR
_c1996
_kValK
999 _c344722
_d344722